[Event "Winter Classic inv."]
[Site "Montreal CAN"]
[Date "2018.01.03"]
[Round "3"]
[White "Chiku-Ratte, Olivier-Kenta"]
[Black "Hua, Eugene"]
[Result "1/2-1/2"]
[WhiteElo "2329"]
[BlackElo "2254"]
[PlyCount "102"]
[EventDate "2018.01.02"]
[EventType "tourn"]
[EventRounds "7"]
[EventCountry "CAN"]

1. d4 Nf6 2. c4 e6 3. Nc3 Bb4 4. e3 O-O 5. Nge2 d5 6. a3 Be7 7. cxd5 exd5 8.
Nf4 c6 9. Bd3 a5 10. O-O Na6 11. f3 Nc7 12. Bd2 Ne6 13. Nce2 c5 14. Nxe6 Bxe6
15. dxc5 Bxc5 16. Nd4 Bxd4 17. exd4 Qb6 18. Bc3 Rfe8 19. Qd2 a4 20. Kh1 Bd7 21.
Rfe1 Bb5 22. Bf5 Bd7 23. Bc2 Rxe1+ 24. Rxe1 Re8 25. Re5 Qc7 26. g4 Bb5 27. Kg2
Qc4 28. Rxe8+ Nxe8 29. Qe1 Nc7 30. Kg3 Ne6 31. Qe3 Qc7+ 32. Qe5 Qxe5+ 33. dxe5
d4 34. Bd2 Nc5 35. Bb4 b6 36. Bxc5 bxc5 37. Be4 Kf8 38. f4 Ke7 39. Bxh7 g6 40.
Kf2 Kf8 41. e6 Bc4 42. exf7 Bxf7 43. f5 Kg7 44. Bxg6 Bxg6 45. fxg6 Kxg6 46. h4
c4 47. Kf3 d3 48. Ke3 Kh6 49. g5+ Kg6 50. Kd2 Kh5 51. Kc3 Kg6 1/2-1/2

[Event "Winter Classic inv."]
[Site "Montreal CAN"]
[Date "2018.01.04"]
[Round "4"]
[White "Sai Krishna, GV."]
[Black "Chiku-Ratte, Olivier-Kenta"]
[Result "1-0"]
[WhiteElo "2370"]
[BlackElo "2329"]
[PlyCount "69"]
[EventDate "2018.01.02"]
[EventType "tourn"]
[EventRounds "7"]
[EventCountry "CAN"]

1. e4 c5 2. Nf3 g6 3. d4 cxd4 4. Nxd4 Bg7 5. Nc3 Nc6 6. Be3 Nf6 7. Bc4 Qa5 8.
O-O O-O 9. Bb3 d6 10. h3 Bd7 11. Re1 Rfc8 12. Nf3 b5 13. Nd5 Qd8 14. Bg5 Nxd5
15. exd5 Ne5 16. Nxe5 Bxe5 17. c3 Qb6 18. Bxe7 Re8 19. Rxe5 dxe5 20. d6 Bf5 21.
Qd5 Be6 22. Qxe5 Bxb3 23. axb3 Qc6 24. Re1 Qd7 25. h4 Qe6 26. Qxe6 fxe6 27.
Rxe6 Kf7 28. Re5 a6 29. c4 b4 30. c5 Ra7 31. c6 Rexe7 32. Rxe7+ Rxe7 33. c7
Re1+ 34. Kh2 Rc1 35. d7 1-0

[Event "Winter Classic inv."]
[Site "Montreal CAN"]
[Date "2018.01.04"]
[Round "5"]
[White "Chiku-Ratte, Olivier-Kenta"]
[Black "Rodrigue-Lemieux, Shawn"]
[Result "0-1"]
[WhiteElo "2329"]
[BlackElo "2081"]
[PlyCount "98"]
[EventDate "2018.01.02"]
[EventType "tourn"]
[EventRounds "7"]
[EventCountry "CAN"]

1. d4 d5 2. c4 e6 3. Nc3 Be7 4. cxd5 exd5 5. Bf4 c6 6. Qc2 g6 7. f3 Be6 8.
O-O-O Nf6 9. g4 h5 10. g5 Nfd7 11. h4 Na6 12. Qb3 Qb6 13. Qxb6 axb6 14. e4 O-O
15. exd5 cxd5 16. a3 Rfc8 17. Kd2 Nab8 18. Bxb8 Nxb8 19. Bd3 Nc6 20. Nge2 Na5
21. Nf4 Nc4+ 22. Bxc4 Rxc4 23. Ncxd5 Rxd4+ 24. Ke2 Bc5 25. Nxe6 fxe6 26. Nf6+
Kf7 27. b4 Rxd1 28. Rxd1 Be7 29. Rd7 Rxa3 30. Rxb7 Rb3 31. Nd7 Rb2+ 32. Kd3
Bxb4 33. Ne5+ Kg8 34. Rxb6 Rd2+ 35. Ke3 Bc5+ 36. Kxd2 Bxb6 37. Nxg6 Bf2 38. Ke2
Bg3 39. Kf1 Kf7 40. Kg2 Bd6 41. Nh8+ Kg7 42. f4 Bxf4 43. Kf3 Bd6 44. Ke3 Kxh8
45. Kf3 Kg7 46. Ke3 Bg3 47. Ke4 Bxh4 48. Ke5 Bg3+ 49. Kxe6 h4 0-1

[Event "Winter Classic inv."]
[Site "Montreal CAN"]
[Date "2018.01.05"]
[Round "6"]
[White "Yu, Zong Yang"]
[Black "Chiku-Ratte, Olivier-Kenta"]
[Result "1/2-1/2"]
[WhiteElo "2392"]
[BlackElo "2329"]
[PlyCount "57"]
[EventDate "2018.01.02"]
[EventType "tourn"]
[EventRounds "7"]
[EventCountry "CAN"]

1. d4 Nf6 2. Nf3 g6 3. c4 Bg7 4. Nc3 d6 5. e4 O-O 6. Be2 c5 7. O-O cxd4 8. Nxd4
Nc6 9. Be3 Bd7 10. f3 Nxd4 11. Bxd4 a5 12. b3 Bc6 13. Kh1 Nd7 14. Bxg7 Kxg7 15.
Rb1 Nc5 16. a3 e5 17. Qd2 Ne6 18. Rfd1 Nd4 19. Bd3 f5 20. Ne2 Nxe2 21. Qxe2 Qh4
22. Rd2 fxe4 23. Bxe4 Bxe4 24. Qxe4 Qxe4 25. fxe4 Ra6 26. Kg1 Rc8 27. Rc1 b5
28. Rd5 bxc4 29. Rxc4 1/2-1/2

[Event "Winter Classic inv."]
[Site "Montreal CAN"]
[Date "2018.01.06"]
[Round "7"]
[White "Chiku-Ratte, Olivier-Kenta"]
[Black "Masse, Hugues"]
[Result "1-0"]
[WhiteElo "2329"]
[BlackElo "2129"]
[PlyCount "125"]
[EventDate "2018.01.02"]
[EventType "tourn"]
[EventRounds "7"]
[EventCountry "CAN"]

1. d4 g6 2. c4 Bg7 3. e4 Nc6 4. d5 Nd4 5. Be3 e5 6. Nc3 c5 7. Bd3 d6 8. Nge2 f5
9. f3 Qh4+ 10. Bf2 Qe7 11. exf5 gxf5 12. O-O Nf6 13. Nxd4 cxd4 14. Bxd4 exd4
15. Re1 dxc3 16. Rxe7+ Kxe7 17. bxc3 Kf7 18. Qc2 f4 19. Re1 Bd7 20. Qb1 b6 21.
Qb4 Rhe8 22. Rd1 Re3 23. Qxd6 Bf8 24. Qc7 Bc5 25. Kf1 Rae8 26. Bf5 Re2 27. Be6+
R2xe6 28. dxe6+ Kxe6 29. Re1+ Kf7 30. Rxe8 Kxe8 31. Qxf4 Ke7 32. g4 Be8 33.
Qe5+ Kf7 34. h4 a5 35. g5 Nh5 36. Qh8 Ng7 37. Qxh7 Bd7 38. h5 Bf8 39. g6+ Kf6
40. Qg8 Bh3+ 41. Ke2 Ne6 42. Qf7+ Ke5 43. h6 Bxh6 44. Qh7 Bg7 45. Kd2 Bf5 46.
Qg8 Bxg6 47. Qb8+ Kf6 48. Qxb6 Bh6+ 49. Ke2 Bf8 50. Qxa5 Bc5 51. a4 Ke5 52. Qb5
Kd6 53. Qb8+ Kc6 54. a5 Nc7 55. a6 Bf7 56. a7 Bxc4+ 57. Kd2 Bd5 58. a8=Q+ Nxa8
59. Qxa8+ Kd6 60. Qd8+ Ke6 61. c4 Bb7 62. Qc7 Bb4+ 63. Ke3 1-0

[Event "Pere Noel"]
[Site "Montreal CAN"]
[Date "2017.12.27"]
[Round "1.4"]
[White "Chiku-Ratte, Olivier-Kenta"]
[Black "Saine, Zachary"]
[Result "1-0"]
[WhiteElo "2481"]
[BlackElo "1972"]
[PlyCount "55"]
[EventDate "2017.12.27"]
[EventType "swiss"]
[EventRounds "5"]
[EventCountry "CAN"]

1. d4 d5 2. c4 e6 3. Nc3 c6 4. e3 Nf6 5. Nf3 Nbd7 6. Bd3 dxc4 7. Bxc4 b5 8. Bd3
a6 9. e4 c5 10. e5 cxd4 11. Ne4 Nd5 12. O-O Be7 13. a4 b4 14. a5 Qc7 15. Re1
Nxe5 16. Nxe5 Qxe5 17. Bd2 Bd7 18. Qf3 Ra7 19. Ng5 Qf6 20. Qg3 Ra8 21. Be4 Bc6
22. Rac1 Bb7 23. Rc7 Rb8 24. Bxd5 Bxd5 25. Rxe7+ Kxe7 26. Qc7+ Ke8 27. Qxb8+
Kd7 28. Qa7+ 1-0

[Event "Pere Noel"]
[Site "Montreal CAN"]
[Date "2017.12.28"]
[Round "2.4"]
[White "Lemire-Paquin, Alexandre"]
[Black "Chiku-Ratte, Olivier-Kenta"]
[Result "0-1"]
[WhiteElo "2155"]
[BlackElo "2481"]
[PlyCount "102"]
[EventDate "2017.12.27"]
[EventType "swiss"]
[EventRounds "5"]
[EventCountry "CAN"]

1. Nf3 Nf6 2. c4 g6 3. g3 Bg7 4. Bg2 O-O 5. O-O d6 6. d4 Nc6 7. Nc3 a6 8. d5
Na5 9. Nd2 c5 10. Qc2 Rb8 11. b3 b5 12. Rb1 e6 13. h3 Re8 14. e4 Qe7 15. Bb2
Nd7 16. Nd1 Bd4 17. Bxd4 cxd4 18. b4 Nxc4 19. Nxc4 bxc4 20. Qxc4 e5 21. Nb2 Nb6
22. Qb3 f5 23. exf5 Bxf5 24. Rbe1 Rec8 25. Qd1 Qc7 26. g4 Bc2 27. Qc1 Qc3 28.
f4 d3 29. Rf2 exf4 30. Re7 Qf6 31. Re6 Qd4 32. Qxf4 Qxf4 33. Rxf4 d2 34. Rd4
Na4 35. Rxd2 Nxb2 36. Ree2 Bd3 37. Rf2 Rc1+ 38. Kh2 Nd1 39. Rf6 Bb5 40. Rxd6
Ne3 41. Re6 Nxg2 42. Kxg2 Bc4 43. Re7 Ra1 44. Kg3 Rxa2 45. Rd4 Bb5 46. d6 Rd8
47. Rc7 Re2 48. Rf4 Re3+ 49. Kh4 Bd7 50. Kg5 Kg7 51. Kh4 h6 0-1

[Event "Pere Noel"]
[Site "Montreal CAN"]
[Date "2017.12.29"]
[Round "3.1"]
[White "Chiku-Ratte, Olivier-Kenta"]
[Black "Sambuev, Bator"]
[Result "1/2-1/2"]
[WhiteElo "2481"]
[BlackElo "2597"]
[PlyCount "153"]
[EventDate "2017.12.27"]
[EventType "swiss"]
[EventRounds "5"]
[EventCountry "CAN"]

1. d4 d6 2. c4 e5 3. Nf3 Nd7 4. Nc3 Ngf6 5. e4 g6 6. Be2 Bg7 7. O-O O-O 8. Be3
Ng4 9. Bg5 f6 10. Bd2 Nh6 11. Qc2 Nf7 12. Be3 c6 13. h3 Qe7 14. Rad1 exd4 15.
Nxd4 a5 16. Bg4 Nc5 17. Bxc8 Rfxc8 18. Nb3 Nd7 19. Rfe1 Re8 20. f4 Bh6 21. Qe2
a4 22. Nd4 Nc5 23. Bc1 Qc7 24. Qg4 Bg7 25. Qg3 Qb6 26. Kh2 Re7 27. f5 g5 28. h4
h6 29. Nf3 Rae8 30. Rd4 Bf8 31. Re2 Qa6 32. Qg4 Nd7 33. Bf4 h5 34. Qg3 g4 35.
Rd1 Qxc4 36. Rd4 Qc5 37. Rxa4 Bh6 38. Bxh6 Nxh6 39. Nd4 Nf8 40. Nb3 Qe5 41.
Qxe5 Rxe5 42. Nc1 Nd7 43. Rd4 d5 44. g3 Kf8 45. exd5 Nxf5 46. Rf4 Nd6 47. dxc6
bxc6 48. Rd2 R8e6 49. Nd3 Re3 50. a4 c5 51. Nd5 Re2+ 52. Rf2 Rxd2 53. Rxd2 Re4
54. N3f4 Nc4 55. Re2 Rxe2+ 56. Nxe2 Kf7 57. b4 cxb4 58. Nxb4 Nc5 59. Nf4 Nxa4
60. Nxh5 Ne3 61. Nc6 Nc5 62. Nd4 Nd5 63. Ne2 Ne6 64. Nhf4 Nexf4 65. gxf4 Kg6
66. Kg3 Ne3 67. Nd4 Kh5 68. f5 Nf1+ 69. Kg2 Nd2 70. Kg3 Ne4+ 71. Kf4 Nc3 72.
Kg3 Nd5 73. Ne6 Ne3 74. Nf4+ Kh6 75. Ng2 Nxf5+ 76. Kxg4 Nxh4 77. Nxh4 1/2-1/2

[Event "Pere Noel"]
[Site "Montreal CAN"]
[Date "2017.12.30"]
[Round "4.4"]
[White "Rodrigue-Lemieux, Shawn"]
[Black "Chiku-Ratte, Olivier-Kenta"]
[Result "0-1"]
[WhiteElo "2308"]
[BlackElo "2481"]
[PlyCount "76"]
[EventDate "2017.12.27"]
[EventType "swiss"]
[EventRounds "5"]
[EventCountry "CAN"]

1. Nf3 Nf6 2. c4 g6 3. b3 Bg7 4. Bb2 O-O 5. g3 d6 6. Bg2 Nc6 7. Nc3 a6 8. O-O
Rb8 9. d4 Bd7 10. e4 Bg4 11. h3 Bxf3 12. Bxf3 e5 13. d5 Nd4 14. Bg2 c5 15. Ne2
b5 16. cxb5 axb5 17. Nxd4 exd4 18. b4 Nd7 19. Rc1 Qb6 20. f4 c4 21. Kh1 Qa7 22.
a4 c3 23. Ba1 bxa4 24. b5 Nc5 25. e5 dxe5 26. fxe5 Bxe5 27. Qe2 Rfe8 28. Rce1
Rbd8 29. b6 Qxb6 30. Qf2 f6 31. Rxe5 Rxe5 32. Qxd4 Nd7 33. Qxc3 Re3 34. Qc1
Rde8 35. d6 Kg7 36. Kh2 Rb3 37. Re1 Rxe1 38. Qxe1 Qe3 0-1

[Event "Pere Noel"]
[Site "Montreal CAN"]
[Date "2017.12.30"]
[Round "5.1"]
[White "Chiku-Ratte, Olivier-Kenta"]
[Black "Zhu, Hong Rui"]
[Result "1/2-1/2"]
[WhiteElo "2481"]
[BlackElo "2288"]
[PlyCount "124"]
[EventDate "2017.12.27"]
[EventType "swiss"]
[EventRounds "5"]
[EventCountry "CAN"]

1. d4 d5 2. c4 e6 3. Nf3 c6 4. e3 Bd6 5. Bd3 f5 6. O-O Nf6 7. b3 Qe7 8. Bb2 O-O
9. Qc1 b6 10. Ba3 Bb7 11. Bxd6 Qxd6 12. Nc3 Nbd7 13. cxd5 cxd5 14. Qb2 Rfc8 15.
Ne2 Ne4 16. h4 g6 17. Nf4 Kg7 18. g3 h6 19. Ne2 Qe7 20. Bb5 Nef6 21. Nf4 Nf8
22. Kg2 Ng4 23. Be2 Rc7 24. Rac1 Rac8 25. Nd3 Ba6 26. Rxc7 Rxc7 27. Rc1 Qd8 28.
Nfe1 Bxd3 29. Nxd3 Nf6 30. Rxc7+ Qxc7 31. Qa3 Ne4 32. Nf4 Nd6 33. Qb4 Kf7 34.
a4 Nd7 35. h5 g5 36. Ng6 Kg7 37. Qa3 Nf8 38. Ne5 Nd7 39. Nd3 Kf7 40. Qb2 Ne4
41. Qc1 Qxc1 42. Nxc1 a5 43. f3 Nc3 44. g4 fxg4 45. fxg4 Nxe2 46. Nxe2 Nf6 47.
Kf3 Ne4 48. Nc1 Ke7 49. Ke2 Nf6 50. Kf3 Ne4 51. Nd3 Kd6 52. Ke2 Ke7 53. Ne5 Ke8
54. Kd3 Ke7 55. Kc2 Nf2 56. b4 axb4 57. Kb3 Nd1 58. Kxb4 Ke8 59. Kb5 Nc3+ 60.
Kb4 Ne2 61. Kb5 Nc3+ 62. Kb4 Nd1 1/2-1/2

[Event "Granby op"]
[Site "Granby CAN"]
[Date "2017.11.24"]
[Round "1"]
[White "Tanaka, Tyler"]
[Black "Chiku-Ratte, Olivier-Kenta"]
[Result "0-1"]
[WhiteElo "2080"]
[BlackElo "2467"]
[PlyCount "64"]
[EventDate "2017.11.24"]
[EventType "swiss"]
[EventRounds "5"]
[EventCountry "CAN"]

1. e4 d6 2. d4 Nf6 3. Nc3 g6 4. f3 Bg7 5. Be3 c6 6. Qd2 b5 7. g4 h5 8. g5 Nfd7
9. h4 Nb6 10. Bd3 O-O 11. Nge2 e5 12. dxe5 dxe5 13. Nc1 Be6 14. Nb3 N8d7 15.
O-O-O Qc7 16. Qf2 Rfc8 17. Nc5 Nxc5 18. Bxc5 Nd7 19. Kb1 Nxc5 20. Qxc5 Bf8 21.
Qe3 Qa5 22. Kc1 b4 23. Nb1 Bc5 24. Qe1 Qxa2 25. c3 Rab8 26. c4 Bxc4 27. Qe2 Bb3
28. Bc2 Bxc2 29. Kxc2 Bd4 30. Kc1 Rb5 31. Rd2 Rc5+ 32. Rc2 Qxb2+ 0-1

[Event "Granby op"]
[Site "Granby CAN"]
[Date "2017.11.25"]
[Round "2"]
[White "Chiku-Ratte, Olivier-Kenta"]
[Black "Bassel, Charaf"]
[Result "1-0"]
[WhiteElo "2457"]
[BlackElo "2099"]
[PlyCount "89"]
[EventDate "2017.11.24"]
[EventType "swiss"]
[EventRounds "5"]
[EventCountry "CAN"]

1. d4 d5 2. c4 c6 3. Nf3 Nf6 4. e3 Bg4 5. Nc3 e6 6. h3 Bxf3 7. Qxf3 Bb4 8. Bd3
O-O 9. Bd2 Re8 10. O-O Nbd7 11. Qd1 c5 12. cxd5 exd5 13. a3 Bxc3 14. bxc3 c4
15. Bc2 Ne4 16. Be1 Qa5 17. f3 Nef6 18. Qd2 Re6 19. g4 Rae8 20. Bf2 h6 21. Kg2
b5 22. a4 bxa4 23. Rxa4 Qc7 24. Rfa1 Ra8 25. Bg3 Qb7 26. h4 Rb6 27. R1a2 Nb8
28. Qe2 Re6 29. Bf4 Nc6 30. Bf5 Ree8 31. Rb2 Qe7 32. Ra6 Nd8 33. Be5 Ne6 34.
Qf2 Red8 35. Qg3 Ne8 36. Bxe6 fxe6 37. g5 Kf7 38. Qf4+ Kg8 39. gxh6 Rd7 40. Qg4
Rb7 41. Rxb7 Qxb7 42. Qxe6+ Kh7 43. Qg6+ Kg8 44. Re6 Qf7 45. h7+ 1-0

[Event "Granby op"]
[Site "Granby CAN"]
[Date "2017.11.26"]
[Round "4"]
[White "Chiku-Ratte, Olivier-Kenta"]
[Black "Rodrigue-Lemieux, Shawn"]
[Result "1/2-1/2"]
[WhiteElo "2467"]
[BlackElo "2309"]
[PlyCount "60"]
[EventDate "2017.11.24"]
[EventType "swiss"]
[EventRounds "5"]
[EventCountry "CAN"]

1. d4 d5 2. c4 e6 3. Nc3 Be7 4. Bf4 Nf6 5. e3 O-O 6. Bd3 c6 7. Nge2 dxc4 8.
Bxc4 b5 9. Bd3 a6 10. O-O Bb7 11. Qc2 h6 12. Ng3 Nbd7 13. Nge4 c5 14. dxc5 Nxc5
15. Nxc5 Bxc5 16. Rfd1 Qb6 17. Rac1 Rac8 18. Qe2 b4 19. Nb1 Nd5 20. Nd2 Nxf4
21. exf4 Rfd8 22. Nc4 Qa7 23. Ne5 Bd5 24. b3 a5 25. Bc4 Bxc4 26. Nxc4 a4 27. g3
axb3 28. axb3 Bd4 29. Kg2 Qa8+ 30. Qf3 Qa2 1/2-1/2

[Event "Granby op"]
[Site "Granby CAN"]
[Date "2017.11.26"]
[Round "5"]
[White "Masse, Hugues"]
[Black "Chiku-Ratte, Olivier-Kenta"]
[Result "0-1"]
[WhiteElo "2250"]
[BlackElo "2467"]
[PlyCount "82"]
[EventDate "2017.11.24"]
[EventType "swiss"]
[EventRounds "5"]
[EventCountry "CAN"]

1. e4 c5 2. Nf3 d6 3. d4 cxd4 4. Nxd4 Nf6 5. Nc3 g6 6. Be3 Bg7 7. f3 a6 8. Qd2
Nbd7 9. O-O-O h5 10. Kb1 b5 11. Nb3 Bb7 12. Bd4 O-O 13. Qf2 Qc7 14. g3 Rab8 15.
Bg2 e6 16. a3 Bc6 17. Qd2 Rfd8 18. Be3 d5 19. exd5 Nxd5 20. Nxd5 Bxd5 21. f4
Nf6 22. Bd4 Ng4 23. Bxd5 Rxd5 24. Qe2 Qc4 25. Qxc4 bxc4 26. Bxg7 cxb3 27. Rxd5
bxc2+ 28. Kc1 exd5 29. Bd4 Rc8 30. h3 Nh6 31. g4 Rc4 32. Be5 f6 33. Bxf6 hxg4
34. Rg1 d4 35. Bg5 Nf5 36. hxg4 Nd6 37. Rg3 Ne4 38. Rf3 Nc5 39. b3 d3 40. f5
Nxb3+ 41. Kb2 d2 0-1

[Event "Varennes int."]
[Site "Varennes CAN"]
[Date "2017.10.06"]
[Round "1.13"]
[White "Chiku-Ratte, Olivier-Kenta"]
[Black "Roy, Myriam"]
[Result "1-0"]
[WhiteElo "2317"]
[BlackElo "1977"]
[PlyCount "45"]
[EventDate "2017.10.06"]
[EventType "swiss"]
[EventRounds "5"]
[EventCountry "CAN"]

1. d4 d5 2. c4 c6 3. Nf3 Nf6 4. e3 e6 5. Bd3 Be7 6. O-O O-O 7. b3 Nbd7 8. Nbd2
b6 9. Bb2 Bb7 10. Ne5 Rc8 11. f4 c5 12. a4 Ne4 13. a5 Ndf6 14. Ndf3 dxc4 15.
bxc4 cxd4 16. exd4 bxa5 17. Qc2 Qc7 18. Ng5 Nd6 19. Bxh7+ Kh8 20. Bd3 Nd7 21.
Nxe6 fxe6 22. Ng6+ Kg8 23. Nxe7+ 1-0

[Event "Varennes int."]
[Site "Varennes CAN"]
[Date "2017.10.07"]
[Round "2.2"]
[White "Lenderman, Alex"]
[Black "Chiku-Ratte, Olivier-Kenta"]
[Result "1/2-1/2"]
[WhiteElo "2591"]
[BlackElo "2317"]
[PlyCount "110"]
[EventDate "2017.10.06"]
[EventType "swiss"]
[EventRounds "5"]
[EventCountry "CAN"]

1. d4 Nf6 2. c4 g6 3. Nc3 Bg7 4. e4 d6 5. Nf3 O-O 6. Be2 c5 7. O-O cxd4 8. Nxd4
Nc6 9. Be3 Nxd4 10. Bxd4 Bd7 11. Qd3 Bc6 12. b4 b6 13. f4 Qc7 14. Rac1 Rfc8 15.
Be3 Nd7 16. Bg4 h5 17. Nd5 Qd8 18. Bxd7 Bxd7 19. f5 e6 20. fxg6 fxg6 21. Nf4 e5
22. Qd5+ Kh7 23. Ne6 Bxe6 24. Qxe6 Qg8 25. Qf7 Rf8 26. Qxg8+ Kxg8 27. Rfd1 Rf6
28. a4 Bf8 29. Rd5 Rf7 30. a5 Rc8 31. axb6 axb6 32. Rb5 Rfc7 33. Kf2 Rxc4 34.
Rxc4 Rxc4 35. Kf3 d5 36. exd5 e4+ 37. Ke2 Rxb4 38. Rxb4 Bxb4 39. Bxb6 Bd6 40.
h3 Bf4 41. Be3 Bd6 42. Bg5 Bc5 43. Kd2 Kf7 44. Kc3 Ke8 45. Kc4 Bf2 46. Bf6 Kd7
47. Bd4 Bg3 48. Be3 Be5 49. Kc5 Bb2 50. Bf4 Bg7 51. g3 Bb2 52. Kc4 Bf6 53. g4
hxg4 54. hxg4 Bg7 55. Kc5 Bb2 1/2-1/2

[Event "Varennes int."]
[Site "Varennes CAN"]
[Date "2017.10.08"]
[Round "4.9"]
[White "Huang, Qiuyu"]
[Black "Chiku-Ratte, Olivier-Kenta"]
[Result "1-0"]
[WhiteElo "2153"]
[BlackElo "2317"]
[PlyCount "93"]
[EventDate "2017.10.06"]
[EventType "swiss"]
[EventRounds "5"]
[EventCountry "CAN"]

1. e4 c5 2. Nf3 Nc6 3. d4 cxd4 4. Nxd4 e6 5. Nxc6 bxc6 6. Bd3 Nf6 7. O-O Qc7 8.
b3 h5 9. Nd2 d5 10. Bb2 Bd6 11. h3 Bf4 12. Re1 Bb7 13. exd5 cxd5 14. Nf3 O-O-O
15. Qe2 Ne4 16. Ba6 Rhg8 17. Bxb7+ Kxb7 18. Nd4 a6 19. Qf3 e5 20. Rxe4 dxe4 21.
Qxe4+ Kb6 22. g3 Bd2 23. a4 Qc5 24. a5+ Kc7 25. Nf3 f6 26. Ra4 Qd5 27. Rc4+ Kd6
28. Qxd5+ Kxd5 29. Nxd2 Ke6 30. Ne4 Kf5 31. Nc5 Rd6 32. Kg2 Re8 33. Ne4 Rd5 34.
Ba3 Red8 35. Nc5 R8d6 36. Nd3 Re6 37. Bc5 g5 38. Nb4 Rd1 39. Bb6 Red6 40. Rc6
R6d2 41. g4+ hxg4 42. hxg4+ Kxg4 43. Rxf6 Re2 44. Nd3 e4 45. Ne5+ Kh5 46. Rf7
g4 47. Be3 1-0

[Event "Varennes int."]
[Site "Varennes CAN"]
[Date "2017.10.08"]
[Round "5.12"]
[White "Chiku-Ratte, Olivier-Kenta"]
[Black "Saha, Ananda"]
[Result "1-0"]
[WhiteElo "2317"]
[BlackElo "2018"]
[PlyCount "65"]
[EventDate "2017.10.06"]
[EventType "swiss"]
[EventRounds "5"]
[EventCountry "CAN"]

1. d4 d5 2. c4 e6 3. Nc3 Be7 4. cxd5 exd5 5. Bf4 Nf6 6. e3 c6 7. Qc2 O-O 8. Bd3
Nbd7 9. h3 Re8 10. O-O-O b5 11. Nxb5 Rf8 12. Bc7 Qe8 13. Nd6 Bxd6 14. Bxd6 Nb6
15. Bxf8 Qxf8 16. Nf3 Bb7 17. Kb1 g6 18. Ne5 Rc8 19. Rc1 Qd6 20. Qc5 Qe6 21.
Qa5 Ra8 22. Ba6 Bxa6 23. Qxa6 Ne4 24. Rc2 f6 25. Nxc6 Nxf2 26. Rxf2 Qxc6 27.
Rc1 Qd6 28. Qb7 Rb8 29. Qc7 Qf8 30. Qc6 Qb4 31. Qe6+ Kh8 32. Qxf6+ Kg8 33. Qe6+
1-0

[Event "Montreal op"]
[Site "Montreal CAN"]
[Date "2017.09.08"]
[Round "1.2"]
[White "Chiku-Ratte, Olivier-Kenta"]
[Black "Cazelais, Marc"]
[Result "1-0"]
[WhiteElo "2495"]
[BlackElo "2115"]
[PlyCount "61"]
[EventDate "2017.09.08"]
[EventType "swiss"]
[EventRounds "5"]
[EventCountry "CAN"]

1. d4 g6 2. c4 Bg7 3. e4 d6 4. Nc3 Nc6 5. Be3 e5 6. Nge2 exd4 7. Nxd4 Nge7 8.
h4 h5 9. Qd2 O-O 10. Nxc6 bxc6 11. O-O-O Be6 12. f3 Qb8 13. Bd4 Qb4 14. g4 hxg4
15. h5 Rab8 16. Bxg7 Kxg7 17. f4 f5 18. hxg6 Nxg6 19. b3 Rh8 20. Bd3 Rbf8 21.
Qb2 Kg8 22. Rxh8+ Nxh8 23. Ne2 fxe4 24. Bxe4 Bf5 25. Bxc6 Be6 26. Rh1 Ng6 27.
Be4 Nh4 28. Nd4 Bd7 29. Bd5+ Rf7 30. a3 Qa5 31. b4 1-0

[Event "Montreal op"]
[Site "Montreal CAN"]
[Date "2017.09.09"]
[Round "2.2"]
[White "Pace, Christopher"]
[Black "Chiku-Ratte, Olivier-Kenta"]
[Result "1-0"]
[WhiteElo "2186"]
[BlackElo "2495"]
[PlyCount "71"]
[EventDate "2017.09.08"]
[EventType "swiss"]
[EventRounds "5"]
[EventCountry "CAN"]

1. e4 c5 2. Nf3 d6 3. d4 Nf6 4. Nc3 cxd4 5. Nxd4 g6 6. Be3 Bg7 7. f3 a6 8. Qd2
Nbd7 9. Bh6 Bxh6 10. Qxh6 b5 11. O-O-O Bb7 12. g4 b4 13. Nb1 Qc7 14. Bd3 Ne5
15. Rhe1 Rc8 16. Be2 Nc4 17. b3 Ne5 18. Rd2 Ned7 19. g5 Nh5 20. Nf5 gxf5 21.
Qxh5 Ne5 22. Qh6 Bxe4 23. Bxa6 Bb7 24. Bxb7 Qxb7 25. Qg7 Rf8 26. Ree2 Qa7 27.
Kb2 Ra8 28. a4 bxa3+ 29. Ka2 Qa6 30. Nc3 Rc8 31. Nd5 Qa7 32. Rxe5 dxe5 33. Qxe5
Rg8 34. Nf6+ Kf8 35. Nxh7+ Ke8 36. Qb5+ 1-0

[Event "Montreal op"]
[Site "Montreal CAN"]
[Date "2017.09.09"]
[Round "3.8"]
[White "Chiku-Ratte, Olivier-Kenta"]
[Black "Marin, Sam"]
[Result "1/2-1/2"]
[WhiteElo "2495"]
[BlackElo "2093"]
[PlyCount "74"]
[EventDate "2017.09.08"]
[EventType "swiss"]
[EventRounds "5"]
[EventCountry "CAN"]

1. d4 Nf6 2. c4 e6 3. Nf3 b6 4. g3 Bb7 5. Bg2 Be7 6. O-O O-O 7. d5 exd5 8. Nh4
c6 9. cxd5 Nxd5 10. Nf5 Nc7 11. e4 d5 12. Qg4 Ne6 13. exd5 cxd5 14. Nh6+ Kh8
15. Nxf7+ Rxf7 16. Qxe6 Rf6 17. Qg4 Qd7 18. Qxd7 Nxd7 19. Nc3 Raf8 20. Bg5 R6f7
21. Bxe7 Rxe7 22. Bxd5 Bxd5 23. Nxd5 Re2 24. b4 Ne5 25. Nf4 Rb2 26. Rfb1 Rd2
27. Rd1 Rfd8 28. Rxd2 Rxd2 29. b5 g5 30. Ne6 g4 31. Rc1 Kg8 32. Rc7 h5 33. Nf4
Rd1+ 34. Kg2 Nf3 35. Rc8+ Kf7 36. Ne2 Ne1+ 37. Kf1 Nf3+ 1/2-1/2

[Event "Washington op"]
[Site "Rockville USA"]
[Date "2017.08.12"]
[Round "1.1"]
[White "Naroditsky, Daniel"]
[Black "Chiku-Ratte, Olivier-Kenta"]
[Result "1-0"]
[WhiteElo "2647"]
[BlackElo "2332"]
[PlyCount "70"]
[EventDate "2017.08.12"]
[EventType "swiss"]
[EventRounds "9"]
[EventCountry "USA"]
[Source "Chess Mix"]
[SourceDate "2017.09.01"]

1. d4 Nf6 2. Bf4 g6 3. Nc3 Bg7 4. e4 d6 5. Nf3 O-O 6. Be2 c5 7. dxc5 dxc5 8. e5
Nh5 9. Be3 Nc6 10. O-O Qxd1 11. Raxd1 Nxe5 12. Nd5 Bg4 13. Bxc5 Nc6 14. Bb5
Bxf3 15. gxf3 Bxb2 16. c3 Rfd8 17. Bxc6 bxc6 18. Nxe7+ Kg7 19. Rxd8 Rxd8 20.
Bd4+ Kf8 21. Nxc6 Rc8 22. Nxa7 Ra8 23. Bc5+ Kg7 24. c4 Nf4 25. Rd1 Ne6 26. Be3
Ba3 27. Nb5 Bc5 28. a3 Ra4 29. Rc1 f5 30. Kf1 f4 31. Bxc5 Nxc5 32. Ke2 Kf6 33.
Rc2 g5 34. Kd2 h5 35. h3 Ra8 1-0

[Event "Calgary int."]
[Site "Calgary CAN"]
[Date "2017.08.02"]
[Round "1.8"]
[White "Chiku-Ratte, Olivier-Kenta"]
[Black "Garcia Franco, Juan Carlos"]
[Result "1-0"]
[WhiteElo "2332"]
[BlackElo "1842"]
[PlyCount "53"]
[EventDate "2017.08.02"]
[EventType "swiss"]
[EventRounds "9"]
[EventCountry "CAN"]
[Source "Chess Mix"]
[SourceDate "2017.08.10"]

1. d4 Nf6 2. c4 e6 3. Nc3 b6 4. e4 d6 5. Bd3 Bb7 6. f4 g6 7. Nf3 Bg7 8. O-O O-O
9. h3 d5 10. e5 Ne4 11. cxd5 Nxc3 12. bxc3 Bxd5 13. Be3 Nd7 14. c4 Bb7 15. Qb3
Qe7 16. a4 Rfd8 17. Rad1 Bf8 18. Qc2 c5 19. d5 exd5 20. cxd5 c4 21. Bxc4 Rac8
22. Qe2 Qa3 23. Bd4 Qxa4 24. e6 Bg7 25. Bb5 Rc2 26. exf7+ Kh8 27. Qe8+ 1-0